000 00499nam a2200181Ia 4500
999 _c27985
_d27985
003 OSt
005 20210105151406.0
008 190216s9999||||xx |||||||||||||| ||und||
020 _a9788171309955
040 _coclc
082 _a894.8128
_bSUD/U
100 _aSudhakaran, C B
_97804
245 0 _aUthradhunikatha /
_cC B Sudhakaran
260 _bDc Books,
_aKottayam:
_c1999.
300 _a157p
650 _aPadanam
942 _cBK
_2ddc
_h894.8128
_iSUD/U
_k894.8128
_mSUD/U